00355nam a22001457a 4500003000400000008004100004020001800045100002100063245004000084250000800124260002800132300001400160650001700174700001800191OSt260119b |||||||| |||| 00| 0 eng d a9788131264959 aShanbhag, Tara.V aPharmaocology for medical Graduates a5th aN.DelhibElsevierc2025 axviii,540 aPharmacology aShenoy, Smita